[Event "Druga liga Srbije grupa Vojvodina 2015"]
[Site "Novi Sad"]
[Date "2015.11.12"]
[Round "3.5"]
[White "Mik, Aurel"]
[Black "Farkas, Tibor"]
[Result "0-1"]
[WhiteElo "2062"]
[BlackElo "2254"]
[PlyCount "38"]
[EventDate "2015.11.10"]

1. e4 c5 2. Nc3 e6 3. f4 Nc6 4. Nf3 a6 5. a4 d5 6. e5 Nh6 7. Be2 Be7 8. O-O O-O
9. d3 Bd7 10. Bd2 Rc8 11. h3 Nf5 12. Kh2 f6 13. Re1 fxe5 14. Nxe5 Nxe5 15. fxe5
Bh4 16. Rf1 Bg3+ 17. Kg1 Bxe5 18. Bf3 Bd4+ 19. Kh1 Ng3+ 0-1

[Event "Druga liga Srbije grupa Vojvodina 2015"]
[Site "Novi Sad"]
[Date "2015.11.12"]
[Round "3.5"]
[White "Arbutina, Sinisa"]
[Black "Zegarac, Vuk"]
[Result "1-0"]
[WhiteElo "2304"]
[BlackElo "2143"]
[PlyCount "63"]
[EventDate "2015.11.10"]

1. d4 d5 2. c4 c6 3. cxd5 cxd5 4. Nc3 Nf6 5. Bf4 Nc6 6. e3 a6 7. Rc1 g6 8. Nf3
Bg7 9. Bd3 O-O 10. Ne5 Nxe5 11. Bxe5 b5 12. Qb3 Be6 13. O-O Qa5 14. Ne2 Rfc8
15. Nf4 b4 16. Bxf6 Bxf6 17. Nxe6 fxe6 18. f4 Qb6 19. g3 a5 20. Kg2 Kg7 21. a3
Rcb8 22. a4 Rc8 23. h4 Rc7 24. Rxc7 Qxc7 25. Qd1 Qc6 26. h5 g5 27. h6+ Kxh6 28.
Rh1+ Kg7 29. Rxh7+ Kf8 30. Qh5 Qe8 31. Qh6+ Kg8 32. fxg5 1-0

[Event "Druga liga Srbije grupa Vojvodina 2015"]
[Site "Novi Sad"]
[Date "2015.11.12"]
[Round "3.5"]
[White "Milurovic, Uros"]
[Black "Petrovic, Vladan"]
[Result "1/2-1/2"]
[WhiteElo "2099"]
[BlackElo "1960"]
[PlyCount "33"]
[EventDate "2015.11.10"]

1. Nf3 d5 2. d4 Nf6 3. Bg5 c6 4. c3 h6 5. Bh4 Bf5 6. e3 Nbd7 7. Bd3 Bxd3 8.
Qxd3 e6 9. Nbd2 Qc7 10. O-O Bd6 11. c4 b6 12. e4 dxe4 13. Nxe4 Nxe4 14. Qxe4 g5
15. Bg3 Nf6 16. Qe2 O-O 17. Ne5 1/2-1/2